000 00622nam a2200217Ii 4500
003 JO-AjNU
008 230606s9999||||xx |||||||||||||| ||und||
020 _a0-314-00202-2
040 _aJO-AjNU
_beng
_erda
_cJO-AjNU
041 _aeng
050 1 4 _aHD31.D135.1992
100 3 _aDAFT,RICHARD L/STEPHEN R. HIATT,
_eauthor
_92970
245 0 0 _aOrganization Theory and Design
250 _a4th ed
264 3 1 _aSaint paul:WEST PUBLISHING COMPANY,1992
300 _a566p
336 _atext
_btxt
_2rdacontent
337 _aunmediated
_bn
_2rdamedia
338 _avolume
_bnc
_2rdacarrier
650 4 _aOrganization
_92971
999 _aE1556
_c1556
_d1556